| 000 | 00991nam0a22002771 4500 | ||
|---|---|---|---|
| 001 | v19\rc\1566412 | ||
| 005 | 20250618203623.0 | ||
| 035 | _a(NLR Aleph) 004696736 | ||
| 090 |
_a4010525 _c4010525 |
||
| 100 | _a20061002d1912 |||y0rusy50 ca | ||
| 101 | 0 | _arus | |
| 102 | _aRU | ||
| 105 | _ay j ||||| | ||
| 200 | 1 |
_aУчебник арифметики _eКурс сред. учеб. заведений _fСост. Е.Н. Тихомиров |
|
| 205 | _a9-е изд. | ||
| 210 |
_aМосква _cкн. маг. т./д. Думнов, Клочков, Луковников и К⁰ под фирмой "В.В. Думнов, Насл. бр. Салаевых" _d1912 |
||
| 215 |
_aVIII, 240 с. _d23 |
||
| 700 | 1 |
_aТихомиров _bЕ.Н. _gЕвгений Николаевич _4220 |
|
| 801 | 0 |
_aRU _bNLR _gpsbo |
|
| 801 | 0 |
_aRU _bRuMoRGB _2psbo |
|
| 801 | 1 |
_aRU _bProSoft-M _2rusmarc |
|
| 852 |
_aNLR _jDesideratum |
||
| 899 |
_aRuMoRGB _jU 8/1469 |
||
| 899 | _aБАН | ||
| 942 | _cBOOK | ||
| 980 | _aNB | ||